Online
Catalog

La poesía de Pedro Salinas / (Record no. 4809)

MARC details
000 -CABECERA
campo de control de longitud fija 00839cam a2200241 a 4500
001 - NÚMERO DE CONTROL
campo de control 000005003
005 - FECHA Y HORA DE LA ÚLTIMA TRANSACCIÓN
campo de control 20200929151545.0
008 - DATOS DE LONGITUD FIJA--INFORMACIÓN GENERAL
campo de control de longitud fija 780614s1971 sp b 001 p spa
040 ## - FUENTE DE LA CATALOGACIÓN
Centro catalogador/agencia de origen DO-SdBNP
Centro/agencia transcriptor IC
Centro/agencia modificador OCoLC
-- DLC
082 ## - NÚMERO DE LA CLASIFICACIÓN DECIMAL DEWEY
Número de clasificación 861.09
Número de documento/Ítem F288p, 1971
100 1# - ENTRADA PRINCIPAL--NOMBRE DE PERSONA
Nombre de persona Feal Deibe, Carlos.
9 (RLIN) 14428
245 13 - MENCIÓN DE TÍTULO
Título La poesía de Pedro Salinas /
Mención de responsabilidad, etc. Carlos Feal Deibe.
250 ## - MENCIÓN DE EDICIÓN
Mención de edición 2a ed.
260 ## - PUBLICACIÓN, DISTRIBUCIÓN, ETC.
Lugar de publicación, distribución, etc. Madrid :
Nombre del editor, distribuidor, etc. Gredos,
Fecha de publicación, distribución, etc. 1971.
300 ## - DESCRIPCIÓN FÍSICA
Extensión 265 p. ;
Dimensiones 20 cm.
490 1# - MENCIÓN DE SERIE
Mención de serie Biblioteca románica hispánica
490 1# - MENCIÓN DE SERIE
Mención de serie Estudios y ensayos
504 ## - NOTA DE BIBLIOGRAFÍA, ETC.
Nota de bibliografía, etc. Bibliografía: p. [267]
600 14 - PUNTO DE ACCESO ADICIONAL DE MATERIA--NOMBRE DE PERSONA
Nombre de persona Salinas, Pedro,
Forma completa/desarrollada del nombre (Pedro Salinas Serrano),
Fechas asociadas al nombre 1892-1951
Subdivisión general CRÍTICA E INTERPRETACIÓN
9 (RLIN) 14429
650 #4 - PUNTO DE ACCESO ADICIONAL DE MATERIA--TÉRMINO DE MATERIA
Término de materia o nombre geográfico como elemento de entrada Crítica literaria
Subdivisión general España
9 (RLIN) 14430
830 #0 - PUNTO DE ACCESO ADICIONAL DE SERIE-TÍTULO UNIFORME
Título uniforme Biblioteca románica hispánica,
Nombre de parte o sección de la obra estudios y ensayos.
9 (RLIN) 8770
910 ## - DATOS DE OPCIÓN DEL USUARIO (OCLC)
Datos de opción del usuario Catalogación por copia / LC
Holdings
Estado de retiro Estado de pérdida Restricciones de uso No para préstamo Código de colección Localización permanente Ubicación/localización actual Ubicación en estantería Fecha de adquisición Número de inventario Total de préstamos Signatura topográfica completa Código de barras Fecha visto por última vez Precio válido a partir de Tipo de ítem Koha
    Préstamo interno   Monografías: Libros y Folletos General General En catalogación 28.07.2009 LF1   861.09 F288p, 1971 5003-10 25.06.2020 25.06.2020 Préstamo interno

Powered by Koha